Financovanie územnosprávnych celkov v procese reformy verejnej správy v Slovenskej republike dizertačná práca

Guardado en:
Detalles Bibliográficos
Autor principal: Baláži, Peter
Autor Corporativo: Národohospodárska fakulta EU. Katedra financií
Otros Autores: Košnár, Jozef
Formato: Libro
Lenguaje:eslovaco
Publicado: Bratislava Národohospodárska fakulta EU 2005
Materias:
Etiquetas: Agregar Etiqueta
Sin Etiquetas, Sea el primero en etiquetar este registro!

MARC

LEADER 00000nam$a2200000$$$4500
001 0030810
005 20250509105317.4
041 0 |a slo 
044 |a SK 
245 1 0 |a Financovanie územnosprávnych celkov v procese reformy verejnej správy v Slovenskej republike  |b dizertačná práca  |c Peter Baláži ; školiteľ: Jozef Košnár 
264 1 |a Bratislava  |b Národohospodárska fakulta EU  |c 2005 
300 |a 149 s. 
610 2 0 |a správa verejná 
610 2 0 |a financovanie 
610 2 0 |a reformy 
610 2 0 |a Slovensko 
100 1 |a Baláži, Peter 
700 1 |a Košnár, Jozef 
710 2 |a Národohospodárska fakulta EU. Katedra financií